000 00544nam a22001697a 4500
003 MACL
005 20160127130344.0
008 160127b xxu||||| |||| 00| 0 eng d
040 _cMACL
041 _aHindi
082 _a346.043/CHU
100 _aमुरलीधर चतुर्वेदी
_934674
245 _aसम्‍पत्ति अन्‍तरण अधिनियम 1882
260 _aलखनउ
_bईस्‍टर्न बुक कम्‍पनी
_c1999
650 _aPrivate Law
_921264
942 _2ddc
_cHIN
999 _c52850
_d52850